[Event "III Open del Salento A"]
[Site "Gallipoli ITA"]
[Date "2014.05.17"]
[Round "1"]
[White "Callier, Christophe"]
[Black "Naumkin, Igor"]
[WhiteElo "2077"]
[BlackElo "2430"]
[Result "0-1"]
[PlyCount "74"]
[EventDate "2014.05.17"]

1. e4 e6 2. d4 d5 3. Nc3 Nf6 4. Bg5 Be7 5. e5 Nfd7 6. h4 a6 7. Qg4 Bxg5 8. hxg5
c5 9. Nf3 cxd4 10. Qxd4 Nc6 11. Qf4 b5 12. O-O-O b4 13. Ne4 dxe4 14. Qxe4 Qc7
15. Rxh7 Rxh7 16. Qxh7 Ncxe5 17. Qxg7 Nxf3 18. gxf3 Qe5 19. Qg8+ Nf8 20. Bd3
Qf4+ 21. Kb1 Qxf3 22. Rg1 Ra7 23. g6 fxg6 24. Bxg6+ Kd8 25. Bd3 Qf4 26. f3 Rd7
27. Be4 Bb7 28. Bxb7 Rxb7 29. Rd1+ Rd7 30. Rxd7+ Kxd7 31. Qg7+ Ke8 32. Qb7 Qd6
33. b3 Nd7 34. Qe4 Nb6 35. f4 Nd5 36. Qg6+ Kd8 37. f5 Qe5 0-1

[Event "III Open del Salento A"]
[Site "Gallipoli ITA"]
[Date "2014.05.17"]
[Round "1"]
[White "Delfino, Luigi"]
[Black "Bernabei, Alberto"]
[WhiteElo "2212"]
[BlackElo "1932"]
[Result "1-0"]
[PlyCount "51"]
[EventDate "2014.05.17"]

1. e4 c5 2. Nf3 d6 3. d4 cxd4 4. Nxd4 Nf6 5. f3 e5 6. Nb3 h6 7. c4 Be7 8. Be3
O-O 9. Be2 Nc6 10. O-O Be6 11. Nc3 Na5 12. Nd2 b6 13. Nd5 Nxd5 14. cxd5 Bd7 15.
b4 Nb7 16. Ba6 Rb8 17. Rc1 Bg5 18. Qe2 Bxe3+ 19. Qxe3 f5 20. Rc3 fxe4 21. Nxe4
Bf5 22. Rfc1 Bxe4 23. Qxe4 Qf6 24. Rc7 Qg5 25. h4 Qd2 26. Bd3 1-0

[Event "III Open del Salento A"]
[Site "Gallipoli ITA"]
[Date "2014.05.17"]
[Round "1"]
[White "Di Fonzo, Valerio"]
[Black "Livesey, R. Nigel"]
[WhiteElo "2156"]
[BlackElo "1898"]
[Result "1-0"]
[PlyCount "43"]
[EventDate "2014.05.17"]

1. e4 e6 2. d4 d5 3. Nc3 Bb4 4. e5 c5 5. Bd2 a6 6. a3 Bxc3 7. Bxc3 Nc6 8. Qg4
Nge7 9. dxc5 d4 10. O-O-O Qc7 11. Bxd4 Nxd4 12. Qxd4 Nf5 13. Qc3 b6 14. c6 Ne7
15. Nf3 Nd5 16. Qc4 a5 17. Qa4 O-O 18. Bb5 Rd8 19. g3 Ba6 20. Bxa6 Rxa6 21. c4
b5 22. cxb5 1-0

[Event "III Open del Salento A"]
[Site "Gallipoli ITA"]
[Date "2014.05.17"]
[Round "1"]
[White "Hiller, Wieland"]
[Black "Ledger, David J."]
[WhiteElo "1951"]
[BlackElo "2224"]
[Result "0-1"]
[PlyCount "46"]
[EventDate "2014.05.17"]

1. e4 e5 2. Nf3 Nc6 3. Bb5 a6 4. Ba4 Nf6 5. O-O b5 6. Bb3 Bb7 7. c3 Nxe4 8. Re1
d5 9. d3 Nc5 10. Nxe5 Nxe5 11. Rxe5+ Ne6 12. d4 Bd6 13. Re1 O-O 14. Nd2 c6 15.
Nf3 Qc7 16. Bc2 g6 17. Ne5 Rae8 18. Ng4 f5 19. Ne5 c5 20. Bh6 Rf6 21. f4 cxd4
22. cxd4 Nxd4 23. Qxd4 Bc5 0-1

[Event "III Open del Salento A"]
[Site "Gallipoli ITA"]
[Date "2014.05.17"]
[Round "1"]
[White "Ledger, Andrew J."]
[Black "Sansonetti, Giorgio"]
[WhiteElo "2392"]
[BlackElo "2019"]
[Result "1-0"]
[PlyCount "59"]
[EventDate "2014.05.17"]

1. c4 g6 2. d4 Bg7 3. Nf3 d6 4. g3 Nf6 5. Bg2 O-O 6. O-O Nbd7 7. Nc3 a5 8. e4
e5 9. h3 h6 10. Re1 Kh7 11. Be3 b6 12. Qc2 Bb7 13. Rad1 Qc8 14. b3 Re8 15. d5
Nc5 16. a3 Nh5 17. b4 axb4 18. axb4 Na6 19. Rb1 Qd8 20. c5 Bc8 21. Qa4 dxc5 22.
bxc5 bxc5 23. Qc4 f5 24. Ra1 fxe4 25. Nxe4 Bb7 26. Nfg5+ hxg5 27. Nxg5+ Qxg5
28. Bxg5 e4 29. Rab1 Nb4 30. Bxe4 1-0

[Event "III Open del Salento A"]
[Site "Gallipoli ITA"]
[Date "2014.05.17"]
[Round "1"]
[White "Levin, Felix"]
[Black "Hegarty, Sarah N."]
[WhiteElo "2489"]
[BlackElo "2100"]
[Result "1-0"]
[PlyCount "49"]
[EventDate "2014.05.17"]

1. d4 d5 2. c4 e6 3. Nf3 Nf6 4. g3 Be7 5. Bg2 O-O 6. Qc2 dxc4 7. Nbd2 Nbd7 8.
Nxc4 c5 9. O-O cxd4 10. Rd1 Nd5 11. Nxd4 Qc7 12. Ne3 Qxc2 13. Ndxc2 N5f6 14. b3
Rb8 15. Nc4 e5 16. Bb2 e4 17. N2e3 Nc5 18. Be5 Ra8 19. Nd6 Nfd7 20. Nef5 Bxd6
21. Bxd6 Re8 22. Rac1 b6 23. b4 Nb7 24. Ne7+ Kh8 25. Bxe4 1-0

[Event "III Open del Salento A"]
[Site "Gallipoli ITA"]
[Date "2014.05.17"]
[Round "1"]
[White "Nelson, Jonathan P."]
[Black "Inguscio, Giorgio"]
[WhiteElo "2228"]
[BlackElo "1957"]
[Result "1/2-1/2"]
[PlyCount "100"]
[EventDate "2014.05.17"]

1. e4 b6 2. d4 Bb7 3. Nc3 e6 4. Nf3 Bb4 5. Bd3 Nf6 6. Qe2 d5 7. exd5 Nxd5 8.
Bd2 Nxc3 9. bxc3 Be7 10. O-O O-O 11. Rfe1 Nd7 12. Rad1 c5 13. Bf4 Qc8 14. Ng5
Nf6 15. Be5 Qc6 16. f4 g6 17. Bb5 Qc8 18. Bc4 Bd5 19. Bxd5 Nxd5 20. dxc5 Bxc5+
21. Kh1 f6 22. c4 Ne7 23. Ba1 Bb4 24. Rf1 Nf5 25. Qxe6+ Qxe6 26. Nxe6 Rf7 27.
Rd3 Re7 28. Nd4 Ne3 29. Rb1 Bc5 30. Nb3 Kf7 31. Nxc5 bxc5 32. Rd6 f5 33. Rf6+
Ke8 34. Rc6 Nxc2 35. Be5 Nb4 36. Rxc5 a5 37. a3 Nc2 38. a4 Nb4 39. Rd1 Rd7 40.
Rxd7 Kxd7 41. Rc7+ Ke6 42. Rxh7 Rc8 43. Rg7 Rxc4 44. Rxg6+ Kd5 45. h4 Nc6 46.
Bc7 Ne7 47. Rd6+ Kc5 48. Re6 Nd5 49. Bd6+ Kd4 50. Be5+ Ke3 1/2-1/2

[Event "III Open del Salento A"]
[Site "Gallipoli ITA"]
[Date "2014.05.17"]
[Round "1"]
[White "Nepi, Ezio"]
[Black "Lyell, Mark"]
[WhiteElo "1966"]
[BlackElo "2228"]
[Result "0-1"]
[PlyCount "100"]
[EventDate "2014.05.17"]

1. d4 d5 2. c4 Nc6 3. Nf3 e5 4. dxe5 d4 5. Nbd2 Bg4 6. Qb3 Rb8 7. h3 Bxf3 8.
Nxf3 Bb4+ 9. Bd2 Bxd2+ 10. Nxd2 Nxe5 11. O-O-O Nf6 12. Qa3 Qe7 13. Qxe7+ Kxe7
14. Nb3 c5 15. e3 dxe3 16. Re1 Rhe8 17. Rxe3 Kd6 18. Be2 b6 19. Re1 Kc7 20. Nd2
Nc6 21. Bf3 Nb4 22. Kd1 Rxe3 23. Rxe3 Rd8 24. Ke2 Rd7 25. a3 Nc2 26. Rd3 Nd4+
27. Ke1 Re7+ 28. Kd1 Nd7 29. Bd5 Nf6 30. Bf3 Nd7 31. Bd5 Ne5 32. Re3 f5 33. Nf3
Kd6 34. Nxe5 Rxe5 35. Kd2 f4 36. Rxe5 Kxe5 37. Kd3 h5 38. h4 Nf5 39. Bf7 Nxh4
40. g3 fxg3 41. fxg3 Nf5 42. Bxh5 Nxg3 43. Bf3 g5 44. b4 Nf5 45. Bd5 g4 46. Be4
g3 47. Bd5 Kf4 48. bxc5 bxc5 49. a4 Ne3 50. Bc6 g2 0-1

[Event "III Open del Salento A"]
[Site "Gallipoli ITA"]
[Date "2014.05.17"]
[Round "1"]
[White "O'Driscoll, Kieran"]
[Black "Vovk, Andrey"]
[WhiteElo "2119"]
[BlackElo "2622"]
[Result "0-1"]
[PlyCount "44"]
[EventDate "2014.05.17"]

1. d4 Nf6 2. c4 g6 3. Nc3 Bg7 4. e4 d6 5. Nf3 O-O 6. Be2 Nfd7 7. Be3 e5 8. Qd2
Nc6 9. d5 Ne7 10. Bh6 f5 11. h4 Nf6 12. h5 Bxh6 13. Qxh6 fxe4 14. hxg6 Nf5 15.
gxh7+ Kh8 16. Qg6 exf3 17. Bxf3 Nd4 18. O-O-O Bf5 19. Qh6 Rf7 20. Rh4 Rxh7 21.
Qg5 Rxh4 22. Qxh4+ Nh7 0-1

[Event "III Open del Salento A"]
[Site "Gallipoli ITA"]
[Date "2014.05.17"]
[Round "1"]
[White "Paolillo, Gaia"]
[Black "Bongartz, Philipp"]
[WhiteElo "1914"]
[BlackElo "2173"]
[Result "1/2-1/2"]
[PlyCount "91"]
[EventDate "2014.05.17"]

1. e4 c5 2. b3 Nf6 3. Nc3 Nc6 4. f4 d5 5. e5 Bg4 6. Be2 Bxe2 7. Ngxe2 Nd7 8.
O-O e6 9. Kh1 Qb6 10. Bb2 Be7 11. Na4 Qc7 12. d4 cxd4 13. Nxd4 Nxd4 14. Bxd4
O-O 15. Qe2 Rac8 16. Rac1 Ba3 17. Bb2 Bxb2 18. Nxb2 Qa5 19. a4 Qc3 20. Nd1 Qd4
21. Qe3 Qxe3 22. Nxe3 Rc3 23. Nd1 Rc5 24. c4 dxc4 25. Rxc4 Rxc4 26. bxc4 Rc8
27. Nb2 Kf8 28. Kg1 Rc6 29. Rd1 Ke7 30. Kf2 Nc5 31. Ke3 Ra6 32. Rd2 Rb6 33. g3
Rb3+ 34. Kd4 b6 35. Nd3 Nxd3 36. Rxd3 Rb2 37. Ra3 a5 38. Kc3 Rxh2 39. Rb3 Ra2
40. Rxb6 Rxa4 41. Kd4 Ra1 42. Kc5 a4 43. Rb7+ Ke8 44. Rb8+ Kd7 45. Rb7+ Ke8 46.
Rb8+ 1/2-1/2

[Event "III Open del Salento A"]
[Site "Gallipoli ITA"]
[Date "2014.05.17"]
[Round "1"]
[White "Pizzuto, Samuele Tullio"]
[Black "Ashton, Adam G."]
[WhiteElo "2062"]
[BlackElo "2395"]
[Result "0-1"]
[PlyCount "59"]
[EventDate "2014.05.17"]

1. d4 d5 2. Nc3 Nf6 3. Bg5 Nbd7 4. e3 e6 5. Qf3 h6 6. Bh4 Bb4 7. Bxf6 Bxc3+ 8.
bxc3 Nxf6 9. Qd1 O-O 10. Ne2 c5 11. f3 Re8 12. Qd2 e5 13. Kf2 Qa5 14. Qc1 Bd7
15. Qb2 Rac8 16. Rd1 cxd4 17. cxd4 e4 18. h3 Ba4 19. f4 Rxc2 20. Qa3 b5 21. Qd6
Rxa2 22. Rc1 Qd2 23. Qc5 Bd1 24. Qc3 Qxc3 25. Rxc3 b4 26. Rc7 Rb8 27. Ke1 Ra1
28. Rxa7 Rxa7 29. Kxd1 Ra1+ 30. Kc2 0-1

[Event "III Open del Salento A"]
[Site "Gallipoli ITA"]
[Date "2014.05.17"]
[Round "1"]
[White "Richardt, Mike"]
[Black "Longson, Alexander"]
[WhiteElo "1974"]
[BlackElo "2338"]
[Result "0-1"]
[PlyCount "88"]
[EventDate "2014.05.17"]

1. d4 d5 2. Nf3 Nf6 3. c4 e6 4. Nc3 c6 5. e3 Nbd7 6. Bd3 dxc4 7. Bxc4 b5 8. Bd3
Bd6 9. O-O O-O 10. Ne4 Nxe4 11. Bxe4 Bb7 12. Qe2 f5 13. Bc2 c5 14. e4 Qe8 15.
Bd2 Qh5 16. e5 Bc7 17. Bd1 g6 18. Ng5 Qxe2 19. Bxe2 Bd5 20. dxc5 Bxe5 21. b4
Bxa1 22. Rxa1 Ne5 23. Bc3 Nc6 24. Nf3 a5 25. Bxb5 axb4 26. Bxc6 Bxc6 27. Bxb4
Rfb8 28. Bc3 Ra3 29. Be5 Rxa2 30. Rc1 Rc2 31. Rd1 Rc8 32. Bd6 Bxf3 33. gxf3 g5
34. Ra1 Kg7 35. Ra7+ Kg6 36. Re7 Rc1+ 37. Kg2 Re1 38. h4 gxh4 39. f4 Kh6 40.
Kh2 Re2 41. Be5 Rxc5 42. Rxe6+ Kh5 43. Re7 Rxf2+ 44. Kg1 Rd2 0-1

[Event "III Open del Salento A"]
[Site "Gallipoli ITA"]
[Date "2014.05.17"]
[Round "1"]
[White "Rudolf, Anna"]
[Black "Fasiello, Andrea"]
[WhiteElo "2292"]
[BlackElo "1968"]
[Result "1/2-1/2"]
[PlyCount "81"]
[EventDate "2014.05.17"]

1. e4 e5 2. Nf3 Nc6 3. Bb5 Nf6 4. Bxc6 dxc6 5. d3 Bg4 6. h3 Bxf3 7. Qxf3 Nd7 8.
Be3 Qf6 9. Qe2 Bc5 10. O-O O-O 11. Nd2 Bxe3 12. Qxe3 Rfe8 13. Nc4 c5 14. Kh1
Qf4 15. Qe2 Re6 16. Ne3 c6 17. Nf5 Qg5 18. g3 g6 19. h4 Qd8 20. Nh6+ Kg7 21.
Qe3 Nf6 22. Rad1 b6 23. Qg5 Ng8 24. Nf5+ Kh8 25. Ne3 Qxg5 26. hxg5 h6 27. gxh6
Nxh6 28. Kg2 Kg7 29. f4 f5 30. fxe5 Rxe5 31. Nc4 Re6 32. b3 Rae8 33. Rfe1 Nf7
34. Kf2 Ne5 35. Ne3 fxe4 36. dxe4 Rf6+ 37. Kg2 Ref8 38. Rf1 Rxf1 39. Nxf1 Kf7
40. Ne3 Ke6 41. Rf1 1/2-1/2

[Event "III Open del Salento A"]
[Site "Gallipoli ITA"]
[Date "2014.05.17"]
[Round "1"]
[White "Zhang, Fan"]
[Black "D'Amore, Carlo"]
[WhiteElo "2102"]
[BlackElo "2493"]
[Result "1/2-1/2"]
[PlyCount "88"]
[EventDate "2014.05.17"]

1. d4 d5 2. Nf3 Nf6 3. c4 c6 4. Nc3 a6 5. cxd5 cxd5 6. Bf4 Nc6 7. e3 Bg4 8. h3
Bxf3 9. Qxf3 e6 10. Bd3 Bd6 11. Bxd6 Qxd6 12. O-O O-O 13. Rfd1 Rfe8 14. Rac1
Rad8 15. Bb1 e5 16. dxe5 Qxe5 17. Qf5 Qxf5 18. Bxf5 d4 19. exd4 Nxd4 20. Bd3 g6
21. Kf1 Kg7 22. Ne2 Ne6 23. Bc4 Nc5 24. Rxd8 Rxd8 25. Nc3 Rd2 26. Nd1 Nfd7 27.
Ke1 Rd6 28. Ke2 b5 29. b4 Ne4 30. Bd3 Nef6 31. Ne3 Ne5 32. Rd1 Nc6 33. a3 Nd4+
34. Ke1 Nd7 35. Nc2 Re6+ 36. Kf1 Nxc2 37. Bxc2 Nb6 38. Bb3 Rc6 39. Ke2 g5 40.
Rd2 Kf6 41. Rc2 Rd6 42. Rd2 Rc6 43. Rc2 Rd6 44. Rd2 Rc6 1/2-1/2

[Event "III Open del Salento A"]
[Site "Gallipoli ITA"]
[Date "2014.05.18"]
[Round "2"]
[White "Ashton, Adam G."]
[Black "Di Fonzo, Valerio"]
[WhiteElo "2395"]
[BlackElo "2156"]
[Result "1-0"]
[PlyCount "91"]
[EventDate "2014.05.17"]

1. e4 e5 2. Nf3 Nc6 3. Bc4 Bc5 4. d3 Nf6 5. c3 d6 6. Bb3 a6 7. h3 Ba7 8. Nbd2
O-O 9. Nf1 d5 10. Qe2 h6 11. Ng3 Be6 12. O-O dxe4 13. dxe4 Qe7 14. Nh4 Bxb3 15.
axb3 Qe6 16. b4 Ne7 17. Nhf5 Nxf5 18. Nxf5 Kh7 19. Rd1 Rfd8 20. Be3 Bxe3 21.
Qxe3 Qc6 22. f3 Ng8 23. Qc5 Qxc5+ 24. bxc5 g6 25. Ne3 Ne7 26. Nc4 Nc6 27. Rd5
f6 28. Rad1 Rxd5 29. exd5 Rd8 30. Kf2 Ne7 31. d6 cxd6 32. Rxd6 Nc6 33. Rxf6 Kg7
34. Rd6 Rxd6 35. Nxd6 Nd8 36. Ke3 Kf6 37. Ke4 Ke6 38. Nc4 Nc6 39. b4 h5 40. h4
Kf6 41. Kd5 Ne7+ 42. Kd6 Nf5+ 43. Kc7 Nxh4 44. Kxb7 Nxg2 45. c6 h4 46. c7 1-0

[Event "III Open del Salento A"]
[Site "Gallipoli ITA"]
[Date "2014.05.18"]
[Round "2"]
[White "Bernabei, Alberto"]
[Black "Callier, Christophe"]
[WhiteElo "1932"]
[BlackElo "2077"]
[Result "0-1"]
[PlyCount "104"]
[EventDate "2014.05.17"]

1. e4 e5 2. Nf3 Nc6 3. d4 exd4 4. Nxd4 Nf6 5. Nxc6 bxc6 6. e5 Qe7 7. Qe2 Nd5 8.
c4 Ba6 9. b3 O-O-O 10. Bb2 Qg5 11. a3 Nf4 12. Qf3 Re8 13. Ra2 f6 14. Nd2 fxe5
15. Ne4 Qg6 16. g3 d5 17. Nd2 Nh5 18. Bh3+ Kb8 19. Qf5 Qxf5 20. Bxf5 Nf6 21.
O-O Bc8 22. Bxc8 Kxc8 23. Re1 e4 24. cxd5 cxd5 25. b4 Bd6 26. Bd4 Kb8 27. Nb3
Be5 28. Bc5 Nd7 29. Bd4 Bxd4 30. Nxd4 Ne5 31. Rd1 Rhf8 32. Rc2 Rf6 33. b5 Kb7
34. Rdc1 Nc4 35. Rc3 Ref8 36. R1c2 g5 37. g4 R8f7 38. Nc6 Rxc6 39. bxc6+ Kxc6
40. Kf1 Kc5 41. Ke2 Kd4 42. Rb3 c5 43. Rb8 Ne5 44. Re8 Nd3 45. Kf1 c4 46. Re6
Nc5 47. Rd6 e3 48. Kg2 exf2 49. Rc1 Nd3 50. Rd1 c3 51. Rxd5+ Kxd5 52. Rxd3+ Kc4
0-1

[Event "III Open del Salento A"]
[Site "Gallipoli ITA"]
[Date "2014.05.18"]
[Round "2"]
[White "D'Amore, Carlo"]
[Black "Paolillo, Gaia"]
[WhiteElo "2493"]
[BlackElo "1914"]
[Result "1-0"]
[PlyCount "51"]
[EventDate "2014.05.17"]

1. Nf3 d6 2. d4 Nf6 3. g3 g6 4. Bg2 Bg7 5. O-O O-O 6. b3 c5 7. Bb2 Nc6 8. d5
Na5 9. Re1 Ne4 10. Bxg7 Kxg7 11. Qd3 f5 12. Nbd2 Nxd2 13. Qxd2 Rf6 14. e4 e5
15. dxe6 Bxe6 16. Ng5 Bg8 17. exf5 Rxf5 18. Ne6+ Bxe6 19. Rxe6 d5 20. Rae1 d4
21. Re7+ Rf7 22. Qg5 Nc6 23. Bxc6 bxc6 24. R1e6 Kg8 25. Rxg6+ hxg6 26. Qxg6+
1-0

[Event "III Open del Salento A"]
[Site "Gallipoli ITA"]
[Date "2014.05.18"]
[Round "2"]
[White "Fasiello, Andrea"]
[Black "Nelson, Jonathan P."]
[WhiteElo "1968"]
[BlackElo "2228"]
[Result "1/2-1/2"]
[PlyCount "21"]
[EventDate "2014.05.17"]

1. e4 e6 2. d4 d5 3. exd5 exd5 4. Bd3 Nc6 5. c3 Bd6 6. Ne2 Nge7 7. Bf4 O-O 8.
O-O Bf5 9. Bxd6 Qxd6 10. Na3 Rae8 11. Ng3 1/2-1/2

[Event "III Open del Salento A"]
[Site "Gallipoli ITA"]
[Date "2014.05.18"]
[Round "2"]
[White "Hegarty, Sarah N."]
[Black "Nepi, Ezio"]
[WhiteElo "2100"]
[BlackElo "1966"]
[Result "1-0"]
[PlyCount "81"]
[EventDate "2014.05.17"]

1. e4 c5 2. Nf3 d6 3. d4 cxd4 4. Nxd4 Nf6 5. Nc3 Nc6 6. Bc4 e5 7. Nf5 Be6 8.
Bb3 g6 9. Nh6 Nd4 10. Bxe6 fxe6 11. O-O Bg7 12. Qd3 Qe7 13. Nb5 Nxb5 14. Qxb5+
Qd7 15. Qxd7+ Kxd7 16. f3 Nh5 17. Rd1 Rhf8 18. Ng4 Rac8 19. c3 Nf4 20. Be3 a6
21. g3 Nh5 22. Kg2 b5 23. Rd2 Rc6 24. Nf2 Ke7 25. Rad1 Rd8 26. Nd3 a5 27. g4
Nf4+ 28. Nxf4 exf4 29. Bxf4 b4 30. cxb4 axb4 31. e5 Rdc8 32. Bg5+ Kf7 33. exd6
Bf6 34. Bxf6 Kxf6 35. Rd4 Rc2+ 36. R1d2 e5 37. R4d3 Rxd2+ 38. Rxd2 Ke6 39. d7
Rd8 40. Kf2 g5 41. Ke3 1-0

[Event "III Open del Salento A"]
[Site "Gallipoli ITA"]
[Date "2014.05.18"]
[Round "2"]
[White "Inguscio, Giorgio"]
[Black "Rudolf, Anna"]
[WhiteElo "1957"]
[BlackElo "2292"]
[Result "0-1"]
[PlyCount "62"]
[EventDate "2014.05.17"]

1. d4 d5 2. c4 e6 3. cxd5 exd5 4. Nc3 c6 5. Qc2 g6 6. e3 Bf5 7. Bd3 Bxd3 8.
Qxd3 Bg7 9. b3 Ne7 10. Ba3 O-O 11. Nf3 Nd7 12. Rc1 Re8 13. O-O Nf5 14. Rc2 Qf6
15. Nd2 h5 16. Na4 h4 17. Bb2 h3 18. g3 Qg5 19. Nc5 Nxc5 20. dxc5 Bxb2 21. Rxb2
Qg4 22. b4 Rad8 23. b5 Nh4 24. f3 Qg5 25. Kf2 Ng2 26. f4 Qg4 27. Nf3 Rxe3 28.
Ne5 Qe6 29. Qd4 Re4 30. Qd3 Qf5 31. Kg1 Rxe5 0-1

[Event "III Open del Salento A"]
[Site "Gallipoli ITA"]
[Date "2014.05.18"]
[Round "2"]
[White "Ledger, David J."]
[Black "Antoli Royo, Joaquin Miguel"]
[WhiteElo "2224"]
[BlackElo "2429"]
[Result "0-1"]
[PlyCount "46"]
[EventDate "2014.05.17"]

1. e4 c5 2. Nf3 Nc6 3. d4 cxd4 4. Nxd4 Qc7 5. Nc3 e6 6. Be3 a6 7. f4 b5 8. Nxc6
Qxc6 9. Bd3 Bb7 10. Ne2 Nf6 11. Ng3 h5 12. h4 Ng4 13. Bg1 g6 14. Qf3 Bg7 15.
O-O-O O-O 16. Kb1 b4 17. Rf1 f5 18. Be3 a5 19. Bd2 Qc5 20. Qe2 Rfc8 21. e5 a4
22. Rc1 a3 23. b3 Qd4 0-1

[Event "III Open del Salento A"]
[Site "Gallipoli ITA"]
[Date "2014.05.18"]
[Round "2"]
[White "Ledger, Stephen C."]
[Black "Hiller, Wieland"]
[WhiteElo "2077"]
[BlackElo "1951"]
[Result "1/2-1/2"]
[PlyCount "30"]
[EventDate "2014.05.17"]

1. d4 Nf6 2. Bg5 h6 3. Bxf6 exf6 4. e3 d5 5. c4 Bb4+ 6. Nc3 c5 7. Qb3 cxd4 8.
Qxb4 dxc3 9. Qxc3 dxc4 10. Bxc4 O-O 11. Nf3 Nc6 12. O-O Be6 13. Rfd1 Qe7 14.
Bxe6 Qxe6 15. a3 Rac8 1/2-1/2

[Event "III Open del Salento A"]
[Site "Gallipoli ITA"]
[Date "2014.05.18"]
[Round "2"]
[White "Livesey, R. Nigel"]
[Black "Pizzuto, Samuele Tullio"]
[WhiteElo "1898"]
[BlackElo "2062"]
[Result "1/2-1/2"]
[PlyCount "126"]
[EventDate "2014.05.17"]

1. c4 e5 2. g3 Nf6 3. Bg2 d5 4. cxd5 Nxd5 5. d3 Nc6 6. Nf3 Be7 7. O-O O-O 8.
Nc3 Nb6 9. Be3 f5 10. Na4 Nxa4 11. Qxa4 Be6 12. Rac1 Bf6 13. Rc5 Rf7 14. Nd2
Nd4 15. Bxd4 Qxd4 16. Qxd4 exd4 17. Bxb7 Rb8 18. Rb5 Bc8 19. Bc6 Rxb5 20. Bxb5
Re7 21. Re1 g6 22. Kf1 h5 23. h4 Kg7 24. f4 Bb7 25. Rc1 Kf7 26. Kf2 Ke6 27. Nf3
Kd6 28. b4 Bd5 29. Rc5 c6 30. Bc4 Bxf3 31. Kxf3 Re3+ 32. Kf2 Re7 33. Ra5 Rb7
34. a3 Rc7 35. Ra6 Ke7 36. Bb3 Bg7 37. b5 Kd6 38. Rxc6+ Rxc6 39. bxc6 Kxc6 40.
Bf7 Kd6 41. Bxg6 Ke6 42. Bxh5 Bf8 43. a4 Bc5 44. Kf3 Kf6 45. Be8 Ke7 46. Bh5
Kf6 47. g4 fxg4+ 48. Kxg4 Bf8 49. f5 Bh6 50. Bg6 Be3 51. Kf3 Ke5 52. Bh7 a5 53.
Bg6 Bh6 54. Kg4 Kf6 55. Kh5 Be3 56. Kg4 Bh6 57. Kf3 Ke5 58. h5 Be3 59. Kg4 Kf6
60. Be8 Bh6 61. Bd7 Be3 62. Be8 Bh6 63. Bg6 Be3 1/2-1/2

[Event "III Open del Salento A"]
[Site "Gallipoli ITA"]
[Date "2014.05.18"]
[Round "2"]
[White "Longson, Alexander"]
[Black "Blagojevic, Dragisa"]
[WhiteElo "2338"]
[BlackElo "2518"]
[Result "1/2-1/2"]
[PlyCount "32"]
[EventDate "2014.05.17"]

1. e4 e5 2. Nf3 Nc6 3. Bb5 a6 4. Ba4 Nge7 5. Bb3 d5 6. exd5 Nxd5 7. O-O Be6 8.
Re1 Bc5 9. c3 O-O 10. d4 exd4 11. cxd4 Bb4 12. Bd2 Bg4 13. h3 Bxd2 14. Nbxd2
Bh5 15. Rc1 Ndb4 16. Ne4 Bxf3 1/2-1/2

[Event "III Open del Salento A"]
[Site "Gallipoli ITA"]
[Date "2014.05.18"]
[Round "2"]
[White "Lyell, Mark"]
[Black "Levin, Felix"]
[WhiteElo "2228"]
[BlackElo "2489"]
[Result "1/2-1/2"]
[PlyCount "79"]
[EventDate "2014.05.17"]

1. e4 c6 2. d4 d5 3. exd5 cxd5 4. c4 Nf6 5. Nc3 Nc6 6. Nf3 g6 7. cxd5 Nxd5 8.
Qb3 Nxc3 9. Bc4 Nd5 10. Bxd5 e6 11. Bxc6+ bxc6 12. O-O f6 13. Bf4 g5 14. Be3
Qd5 15. Rfc1 Be7 16. Ne1 Ba6 17. Qc3 Bb7 18. f3 Kf7 19. Nd3 Rhd8 20. Nc5 Bxc5
21. Qxc5 Qxc5 22. Rxc5 Rd5 23. Rac1 Rad8 24. Rxd5 Rxd5 25. Rc5 Rxc5 26. dxc5 e5
27. g3 Ke6 28. f4 g4 29. Kf2 Kd5 30. fxe5 fxe5 31. Bh6 Ke4 32. Bg7 Ba6 33. Bf6
Bc4 34. a3 a5 35. Bg7 a4 36. Bf6 Bb5 37. Bg7 Bc4 38. Bf6 Bb3 39. Bg7 Bc4 40.
Bf6 1/2-1/2

[Event "III Open del Salento A"]
[Site "Gallipoli ITA"]
[Date "2014.05.18"]
[Round "2"]
[White "Naumkin, Igor"]
[Black "Delfino, Luigi"]
[WhiteElo "2430"]
[BlackElo "2212"]
[Result "1-0"]
[PlyCount "55"]
[EventDate "2014.05.17"]

1. d4 Nf6 2. Nf3 c5 3. d5 b5 4. Bg5 Ne4 5. Bh4 d6 6. Nbd2 Qa5 7. a4 bxa4 8. c3
Nxd2 9. Nxd2 Nd7 10. e4 g6 11. Rxa4 Qb6 12. Nc4 Qc7 13. Na5 Bg7 14. Be2 O-O 15.
O-O Nb6 16. Ra2 Bd7 17. f4 e6 18. c4 exd5 19. cxd5 Rfe8 20. Bf3 c4 21. Bf2 Rac8
22. Qc2 Bb5 23. Nc6 c3 24. bxc3 Bxc6 25. dxc6 Qxc6 26. Rxa7 Nc4 27. e5 Qb5 28.
Rb1 1-0

[Event "III Open del Salento A"]
[Site "Gallipoli ITA"]
[Date "2014.05.18"]
[Round "2"]
[White "Sansonetti, Giorgio"]
[Black "O'Driscoll, Kieran"]
[WhiteElo "2019"]
[BlackElo "2119"]
[Result "1/2-1/2"]
[PlyCount "31"]
[EventDate "2014.05.17"]

1. e4 d5 2. exd5 Nf6 3. d4 Nxd5 4. c4 Nb6 5. Nc3 g6 6. Be3 Bg7 7. Qd2 Nc6 8.
Nf3 Bg4 9. O-O-O O-O 10. Be2 Bxf3 11. gxf3 e5 12. dxe5 Nxe5 13. Qxd8 Rfxd8 14.
Rxd8+ Rxd8 15. Bxb6 axb6 16. Rd1 1/2-1/2

[Event "III Open del Salento A"]
[Site "Gallipoli ITA"]
[Date "2014.05.18"]
[Round "2"]
[White "Vovk, Andrey"]
[Black "Ledger, Andrew J."]
[WhiteElo "2622"]
[BlackElo "2392"]
[Result "1-0"]
[PlyCount "65"]
[EventDate "2014.05.17"]

1. e4 e6 2. d4 d5 3. Nc3 dxe4 4. Nxe4 Nd7 5. Nf3 Ngf6 6. Bg5 Be7 7. Nxf6+ Bxf6
8. h4 h6 9. Bxf6 Qxf6 10. Bd3 c5 11. Qe2 cxd4 12. O-O-O a6 13. Kb1 Nc5 14. Ne5
Bd7 15. Bc4 b5 16. Bb3 d3 17. Nxd3 Nxd3 18. Rxd3 Qe7 19. Qe5 O-O 20. Qc7 Rfd8
21. Rhd1 Rac8 22. Qb7 Rb8 23. Qxa6 Qxh4 24. g3 Qe7 25. Qa5 Rb7 26. Qd2 Kf8 27.
Rd6 Ke8 28. f4 Rc8 29. Qd4 f6 30. f5 e5 31. Qd5 Rcc7 32. Qg8+ Qf8 33. Re6+ 1-0

[Event "III Open del Salento A"]
[Site "Gallipoli ITA"]
[Date "2014.05.18"]
[Round "2"]
[White "Walton, Alan J."]
[Black "Richardt, Mike"]
[WhiteElo "2118"]
[BlackElo "1974"]
[Result "1/2-1/2"]
[PlyCount "30"]
[EventDate "2014.05.17"]

1. d4 d5 2. c4 Nc6 3. Nc3 Nf6 4. Nf3 e6 5. e3 Be7 6. Bd3 dxc4 7. Bxc4 O-O 8.
O-O Bd6 9. e4 e5 10. d5 Ne7 11. Bg5 Ng6 12. Nh4 h6 13. Bxf6 Qxf6 14. Nxg6 fxg6
15. Nb5 Kh7 1/2-1/2

[Event "III Open del Salento A"]
[Site "Gallipoli ITA"]
[Date "2014.05.18"]
[Round "3"]
[White "Antoli Royo, Joaquin Miguel"]
[Black "Vovk, Andrey"]
[WhiteElo "2429"]
[BlackElo "2622"]
[Result "1/2-1/2"]
[PlyCount "45"]
[EventDate "2014.05.17"]

1. e4 c5 2. c3 Nf6 3. e5 Nd5 4. d4 cxd4 5. cxd4 d6 6. Nf3 Nc6 7. Bc4 e6 8. O-O
Be7 9. Qe2 O-O 10. Qe4 Bd7 11. Re1 Ncb4 12. a3 Nb6 13. Bb3 Bc6 14. Qg4 Bxf3 15.
Qxf3 Nc6 16. Qg4 dxe5 17. dxe5 Nd4 18. Bh6 Nf5 19. Bf4 Rc8 20. Rd1 Qc7 21. Nc3
Nc4 22. Qe2 Na5 23. Bc2 1/2-1/2

[Event "III Open del Salento A"]
[Site "Gallipoli ITA"]
[Date "2014.05.18"]
[Round "3"]
[White "Ashton, Adam G."]
[Black "Naumkin, Igor"]
[WhiteElo "2395"]
[BlackElo "2430"]
[Result "0-1"]
[PlyCount "56"]
[EventDate "2014.05.17"]

1. e4 e5 2. Nf3 Nc6 3. Bc4 Bc5 4. d3 Nf6 5. c3 a6 6. Bb3 O-O 7. O-O d6 8. h3
Ba7 9. Be3 Ne7 10. Nbd2 Ng6 11. Bxa7 Rxa7 12. d4 Qe7 13. Re1 Ra8 14. Nf1 Bd7
15. Ne3 Rae8 16. dxe5 dxe5 17. Qc2 Nh5 18. Rad1 Nhf4 19. Nf5 Bxf5 20. exf5 Nh4
21. Nxh4 Qxh4 22. Qe4 Re7 23. Qxb7 e4 24. Re3 Qg5 25. g3 Nxh3+ 26. Kf1 Qxf5 27.
Rd2 Rd7 28. Bd5 Ng5 0-1